书目信息 |
| 题名: |
公路路政管理技术规范指南
|
|
| 作者: | 彭道月 , 沈国华 编著 ;安徽省公路管理局 编 | |
| 分册: | ||
| 出版信息: | 合肥 合肥工业大学出版社 2005.07 |
|
| 页数: | 147页 | |
| 开本: | 29cm | |
| 丛书名: | ||
| 单 册: | ||
| 中图分类: | U418.2 | |
| 科图分类: | ||
| 主题词: | 公路养护--gong lu yang hu--行政管理--规范 | |
| 电子资源: | ||
| ISBN: | 7-81093-267-5 | |
| 000 | 01155nam0 2200277 450 | |
| 001 | 012007269195 | |
| 005 | 20071105135132.93 | |
| 010 | @a7-81093-267-5@dCNY28.00 | |
| 100 | @a20070924d2005 km y0chiy0120 ea | |
| 101 | 0 | @achi |
| 102 | @aCN@b340000 | |
| 105 | @aa z 000yy | |
| 106 | @ar | |
| 200 | 1 | @a公路路政管理技术规范指南@Agong lu lu zheng guan li ji shu gui fan zhi nan@d= Guideline of technical specifcations for highway administration@f安徽省公路管理局编@Fan hui sheng gong lu guan li ju bian@zeng |
| 210 | @a合肥@c合肥工业大学出版社@d2005.07 | |
| 215 | @a147页@c图@d29cm | |
| 314 | @a版权页题: 彭道月, 沈国华编著 | |
| 330 | @a本书是为规范路政管理行为,推动路政管理标准化而 编写的技术规范。内容涉及常用的交通工程、公路工程技术知识、路政管理技术规范。 | |
| 510 | 1 | @aGuideline of technical specifcations for highway administration@zeng |
| 606 | 0 | @a公路养护@Agong lu yang hu@x行政管理@x规范 |
| 690 | @aU418.2@v4 | |
| 701 | 0 | @a彭道月@Apeng dao yue@4编著 |
| 701 | 0 | @a沈国华@Ashen guo hua@4编著 |
| 712 | 02 | @a安徽省公路管理局@Aan hui sheng gong lu guan li ju@4编 |
| 801 | 0 | @aCN@b@c20071105 |
| 905 | @b264587-89@dU418.2@eP468@f3 | |
| 公路路政管理技术规范指南= Guideline of technical specifcations for highway administration/安徽省公路管理局编.-合肥:合肥工业大学出版社,2005.07 |
| 147页:图;29cm |
| ISBN 7-81093-267-5:CNY28.00 |
| 本书是为规范路政管理行为,推动路政管理标准化而 编写的技术规范。内容涉及常用的交通工程、公路工程技术知识、路政管理技术规范。 |
| ● |
| 相关链接 |
|
|
|
正题名:公路路政管理技术规范指南
索取号:U418.2/P468
 
预约/预借
| 序号 | 登录号 | 条形码 | 馆藏地/架位号 | 状态 | 备注 |
| 1 | 264587 | 202645879 | 自科库501/501自科库 53排6列1层/ [索取号:U418.2/P468] | 在馆 | |
| 2 | 264588 | 202645888 | 自科库501/501自科库 53排6列1层/ [索取号:U418.2/P468] | 在馆 | |
| 3 | 264589 | 202645897 | 自科库501/501自科库 53排6列1层/ [索取号:U418.2/P468] | 在馆 |